000 01057nam a22003137a 4500
999 _c200441095
_d59307
003 TR-AnTOB
005 20210527150013.0
007 ta
008 210527s2021 ||||| |||| 00| 0 tur d
020 _a9789751747525
040 _aTR-AnTOB
_btur
_cTR-AnTOB
_erda
041 0 _atur
050 _aDS51.S5
090 _aDS51.S5
_bG86 2021
100 1 _920428
_aGüçlü, Mehmet
_eauthor
245 _aCoğrafyası, tarihi ve folkloruyla Gemerek /
_cMehmet Güçlü ; editör: Teoman Karaca.
264 1 _aSivas :
_bT.C. Sivas Valiliği İl Kültür ve Turizm Müdürlüğü,
_c2021.
300 _a458 sayfa :
_bfotoğraf ;
_c22 cm
336 _2rdacontent
_atext
_btxt
337 _2rdamedia
_aunmediated
_bn
338 _2rdacarrier
_avolume
_bnc
490 0 _aSivas 1000 Temel Eser no ;
_v46
504 _aKaynakça: sayfa 401-403.
651 0 _914231
_aSivas (Türkiye)
_xTarih
651 7 _2etuturkob
_946654
_aSivas (Türkiye)
_xSosyal yaşam ve gelenekler
700 _9126638
_aKaraca, Teoman
_eeditor
942 _2lcc
_cBK